00529 2200205 4500001002100000005001500021035002000036245006900056100001700125250000600142300003500148260003500183082000800218084001400226020002200240650001000262990001700272990001700289990001700306INLIS00000000000114120190503053727 a0010-05190000321 aMari Belajar Sains Untuk Anak :bSeri Binatang 1 /cSiti Sriyati0 aSiti Sriyati a- avi, 98 hlm. :bilus. ;c20 cm. aJakarta :bCV IPA Abong,c2008 a590 a590 SIT m a978-979-3077-35-2 aHewan a04086/H/2018 a04087/H/2018 a04088/H/2018